ბათუმის შოთა რუსთაველის სახელმწიფო უნივერსიტეტის ბიბლიოთეკა

ჰუმანიტარული მეცნიერებები ინფორმაციულ საზოგადოებაში - II : საერთაშორისო კონფერენციის მასალები = Humanities in the information society - II : International conference proceedings : ნაწ. 3 / (ბიბ.ჩანაწერი № 52719)

000 -ლიდერი
ფიქსირებული სიგრძის საკონტროლო ველი 01993nam a2200325Ia 4500
001 - საკონტროლო ნომერი
საკონტროლო ველი 19744
003 - საკონტროლო ნომრის იდენტიფიკატორი
საკონტროლო ველი GE_BSU
005 - ბოლო ოპერაციის თარიღი და დრო
საკონტროლო ველი 20200419004337.0
008 - ფიქსირებული სიგრძის მონაცემთა ელემენტები - ზოგადი ინფორმაცია
ფიქსირებული სიგრძის საკონტროლო ველი 181216s2014||||ge |||||||||||||| ||geo||
020 ## - წიგნის საერთაშორისო სტანდარტული ნომერი
International Standard Book Number ISBN 978-9941-434-93-8
040 ## - კატალოგიზაციის წყარო
Transcribing agency GE_BSU
041 ## - ენის კოდი
Language code of text/sound track or separate title geo
080 ## - უნივერსალური ათობითი კლასიფიკაციის ინდექსი
Universal Decimal Classification number 1(063)+37+930+070 ჰ-95
245 ## - ცნობა სათაურის შესახებ
Title ჰუმანიტარული მეცნიერებები ინფორმაციულ საზოგადოებაში - II : საერთაშორისო კონფერენციის მასალები = Humanities in the information society - II : International conference proceedings : ნაწ. 3 /
Statement of responsibility, etc რედ. მარინა გიორგაძე ; სარედ. კოლ. : ავთანდილ არაბული, მარინე აროშიძე და სხვ.
264 ## - წარმოების, გამოცემის, დისტრიბუციის და სხვა ცნობები
გამოცემის, წარმოების, დისტრიბუციის... ადგილი ბათუმი :
გამოცემის, წარმოების, დისტრიბუციის... სახელწოდება ბათუმის შოთა რუსთაველის სახელმწიფო უნივერსიტეტის გამომცემლობა,
გამოცემის, წარმოების, დისტრიბუციის... თარიღი 2014.
300 ## - ფიზიკური აღწერა
Extent 366 გვ. ;
Dimensions 29 სმ.
500 ## - ზოგადი შენიშვნა
General note გარეკანი და თავფურცელი ქართულ და ინგლისურ ენებზე
500 ## - ზოგადი შენიშვნა
General note მოხსენებების ნაწილი რუსულ და ინგლისურ ენებზე
520 ## - SUMMARY, ETC.
Summary, etc რეზიუმე ქართულ და ინგლისურ ენებზე
653 ## - INDEX TERM--UNCONTROLLED
Uncontrolled term ფილოსოფია
653 ## - INDEX TERM--UNCONTROLLED
Uncontrolled term ფილოსოფია
653 ## - INDEX TERM--UNCONTROLLED
Uncontrolled term ისტორია
653 ## - INDEX TERM--UNCONTROLLED
Uncontrolled term მასმედია
653 ## - INDEX TERM--UNCONTROLLED
Uncontrolled term რელიგია
653 ## - INDEX TERM--UNCONTROLLED
Uncontrolled term სოციოლოგია
653 ## - INDEX TERM--UNCONTROLLED
Uncontrolled term კონფერენციები
700 ## - ADDED ENTRY--PERSONAL NAME
Personal name გიორგაძე, მარინა
Relator term რედაქტორი
9 (RLIN) 7935
942 ## - ADDED ENTRY ELEMENTS (KOHA)
Koha item type წიგნი
Source of classification or shelving scheme
ეგზემპლარები
ჩამოწერის სტატუსი დაკარგული ეგზემპლარის სტატუსი კლასიფიკაციის წყარო ან თაროზე გაწყობის სქემა დაზიანების სტატუსი არ გაიცემა მუდმივი მდებარეობა (დაცვის ადგილი) ამჟამინდელი ადგილსამყოფელი თაროზე განთავსების ადგილი შეძენის თარიღი ღირებულება, შესყიდვის ნორმალური ფასი სრული შენახვის შიფრი შტრიხკოდი ბოლო ოპერაციის თარიღი ეგზემპლარის მიმდევრობითი ნომერი (კეტერი?) ფასის ძალაში შესვლის თარიღი ეგზემპლარის სახეობა საჯარო შენიშვნა
          ბათუმის შოთა რუსთაველის სახელმწიფო უნივერსიტეტის მთავარი ბიბლიოთეკა ბათუმის შოთა რუსთაველის სახელმწიფო უნივერსიტეტის მთავარი ბიბლიოთეკა წიგნსაცავი 2018-12-17 13.11 1(063)+37+930+070 ჰ-95 52085 2018-12-17 52085 2018-12-17 წიგნი 13.11 ლ.